000
00294nam a2200121Ia 4500
008
190216s9999||||xx |||||||||||||| ||und||
100
_a
Raja K C A
245
0
_a
Hearts And Minds
260
_b
Southern Publishing Associations
_c
1987
300
_a
121p
650
_a
English Poetry
942
_c
BK
999
_c
13874
_d
13874